Loading...
| Fine Arts - Other | 0 | 6 | 1 | 0 | 55 | 86 | 114.83 | 1 | 3 | 0.00 | 0.00 |
| Literature - American | 0 | 4 | 1 | 2 | 35 | 91 | 135.75 | 1 | 1 | 0.00 | 0.00 |
| Fine Arts - Auditory | 0 | 3 | 0 | 0 | 30 | 100 | 120.33 | 2 | 3 | 0.00 | 0.00 |
| Literature - British | 0 | 3 | 0 | 0 | 30 | 124 | 130.33 | 0 | 1 | 0.00 | 0.00 |
| Philosophy | 0 | 2 | 0 | 0 | 20 | 118 | 120.50 | 0 | 1 | 0.00 | 0.00 |
| History - American | 0 | 2 | 1 | 1 | 15 | 120 | 129.50 | 0 | 2 | 0.00 | 0.00 |
| Literature - World | 0 | 2 | 1 | 1 | 15 | 100 | 126.50 | 0 | 1 | 0.00 | 0.00 |
| History - European | 0 | 1 | 0 | 0 | 10 | 95 | 95.00 | 0 | 1 | 0.00 | 0.00 |
| History - World | 0 | 1 | 0 | 0 | 10 | 83 | 83.00 | 0 | 0 | 0.00 | 0.00 |
| Social Science | 0 | 1 | 0 | 0 | 10 | 97 | 97.00 | 0 | 0 | 0.00 | 0.00 |
| Mythology | 0 | 0 | 1 | 0 | -5 | 0.00 | 0 | 0 | 0.00 | 0.00 | |
| Literature - European | 0 | 0 | 1 | 0 | -5 | 0.00 | 0 | 0 | 0.00 | 0.00 | |
| Fine Arts - Visual | 0 | 0 | 1 | 0 | -5 | 0.00 | 0 | 0 | 0.00 | 0.00 |